| 000 | 00452nab#a2200181#c#4500 | ||
|---|---|---|---|
| 003 | IEF | ||
| 005 | 20180219164544.0 | ||
| 008 | 010223s1976 uuu|| #####0 b| |u | ||
| 040 | _aIEF | ||
| 245 | _aHistoria económica y financiera de España | ||
| 260 | _c1976 | ||
| 650 | 4 |
_aESPAÑA _941092 |
|
| 650 | 4 |
_aHISTORIA ECONOMICA _945401 |
|
| 773 | 0 |
_tHacienda pública española _w34570 _g38, p. 3-20 |
|
| 942 | _cART | ||
| 942 | _z95333 | ||
| 999 |
_c90090 _d90090 |
||